La Orinoquia y la integración colombo-venezolana / (Registro nro. 38526)
[ vista simple ]
| 000 -CABECERA | |
|---|---|
| Longitud fija campo de control | 01095naa a22003491a 4500 |
| 003 - IDENTIFICADOR DEL NUMERO DE CONTROL | |
| Identificador del número de control | CO-BoRNBP |
| 005 - FECHA Y HORA DE LA ULTIMA TRANSACCION | |
| Fecha y hora de la última transacción | 20241106114400.0 |
| 007 - CAMPO FIJO DE DESCRIPCION FISICA | |
| Campo fijo de descripción física | ta |
| 008 - CODIGOS DE INFORMACION DE LONGITUD FIJA | |
| Códigos de información de longitud fija | 990414s1998 ck g000 s spa c |
| 020 ## - NUMERO INTERNACIONAL NORMALIZADO PARA LIBROS | |
| Número Internacional Normalizado para Libros (ISBN) | 9477208 |
| 040 ## - FUENTE DE LA CATALOGACION | |
| Centro catalogador de origen | CO-BoUNC |
| Lengua de catalogación | spa |
| Centro transcriptor | CO-BoRNBP |
| Normas de descripción | rda |
| 082 ## - NUMERO DE LA CLASIFICACION DECIMAL DEWEY | |
| Número de clasificación (R) | 327.861087 |
| Número del ítem | M678o |
| 110 ## - PUNTO DE ACCESO PRINCIPAL-NOMBRE DE ENTIDAD CORPORATIVA | |
| Nombre de entidad corporativa o nombre de jurisdicción como elemento inicial | Misión Siglo XXI |
| 245 1# - TITULO PROPIAMENTE DICHO | |
| Título | La Orinoquia y la integración colombo-venezolana / |
| Mención de responsabilidad, etc. | ed. Corpes Orinoquia |
| 250 ## - MENCION DE EDICION | |
| Mención de edición | Primera edición |
| 300 ## - DESCRIPCION FISICA | |
| Extensión | 203 p |
| 336 ## - TIPO DE CONTENIDO | |
| Fuente | rdacontenido |
| Término de tipo de contenido | texto |
| Código de tipo de contenido | txt |
| 337 ## - TIPO DE MEDIO | |
| Fuente | rdamedio |
| Nombre del tipo de medio | sin mediación |
| Código del tipo de medio | n |
| 338 ## - TIPO DE SOPORTE | |
| Fuente | rdasoporte |
| Nombre del tipo de soporte | volumen |
| Código del tipo de soporte | nc |
| 650 1# - PUNTO DE ACCESO ADICIONAL DE MATERIA - TERMINO DE MATERIA | |
| Término de materia o nombre geográfico como elemento inicial | Integración económica |
| Fuente del encabezamiento | ARMARC |
| 650 1# - PUNTO DE ACCESO ADICIONAL DE MATERIA - TERMINO DE MATERIA | |
| Término de materia o nombre geográfico como elemento inicial | Relaciones internacionales |
| Fuente del encabezamiento | ARMARC |
| 650 1# - PUNTO DE ACCESO ADICIONAL DE MATERIA - TERMINO DE MATERIA | |
| Término de materia o nombre geográfico como elemento inicial | Relaciones comerciales |
| Fuente del encabezamiento | ARMARC |
| 650 1# - PUNTO DE ACCESO ADICIONAL DE MATERIA - TERMINO DE MATERIA | |
| Término de materia o nombre geográfico como elemento inicial | Cooperación internacional |
| Fuente del encabezamiento | ARMARC |
| 650 1# - PUNTO DE ACCESO ADICIONAL DE MATERIA - TERMINO DE MATERIA | |
| Término de materia o nombre geográfico como elemento inicial | Política gubernamental |
| Fuente del encabezamiento | ARMARC |
| 650 1# - PUNTO DE ACCESO ADICIONAL DE MATERIA - TERMINO DE MATERIA | |
| Término de materia o nombre geográfico como elemento inicial | Estructura económica |
| Fuente del encabezamiento | ARMARC |
| 651 ## - PUNTO DE ACCESO ADICIONAL DE MATERIA - NOMBRE GEOGRAFICO | |
| Nombre geográfico | Orinoquia |
| 651 ## - PUNTO DE ACCESO ADICIONAL DE MATERIA - NOMBRE GEOGRAFICO | |
| Nombre geográfico | Villavicencio |
| 651 ## - PUNTO DE ACCESO ADICIONAL DE MATERIA - NOMBRE GEOGRAFICO | |
| Nombre geográfico | Meta |
| 651 ## - PUNTO DE ACCESO ADICIONAL DE MATERIA - NOMBRE GEOGRAFICO | |
| Nombre geográfico | Colombia |
| 942 ## - ENTRADA DE ELEMENTOS AGREGADOS (KOHA) | |
| Fuente de clasificaión o esquema | Dewey Decimal Classification |
| Koha [por defecto] tipo de item | LIbro |
| 967 ## - CODIFICACION ADICIONAL (RLIN) | |
| GNR (RLIN) | LLH |
| Perdido | Fuente de clasificación o esquema | Estado Físico | No para préstamo | Forma de adquisición | Localización permanente | Localización actual | Localización en estanterías | Fecha adquisición | Fuente de adquisición | Préstamos totales | Signatura completa | Código de barras | Fecha última consulta | Número de copia | Fecha del precio de reemplazo | Tipo de item de Koha | Note pública |
|---|---|---|---|---|---|---|---|---|---|---|---|---|---|---|---|---|---|
| Colección Fondo Patrimonial Orinoquia | Biblioteca Pública Departamental Eduardo Carranza - Villavicencio | Biblioteca Pública Departamental Eduardo Carranza - Villavicencio | Local Patrimonial | 09/07/2018 | 338.09009861 C787 | ECA26876 | 11/26/2024 | Ej.2 | 11/26/2024 | LIbro | 10379 | 14082 | ||||||
| Colección Fondo Patrimonial Orinoquia | Biblioteca Pública Departamental Eduardo Carranza - Villavicencio | Biblioteca Pública Departamental Eduardo Carranza - Villavicencio | Local Patrimonial | 11/27/2006 | 338.09009861 C787 | ECA11540 | 11/26/2024 | Ej.1 | 11/26/2024 | LIbro | 10379 | 14081 | ||||||
| Dewey Decimal Classification | Colección General | Biblioteca Pública Guamal | Biblioteca Pública Guamal | Literatura | 11/06/2024 | Literatura Regional | 327.861 M67o | GUA004432 | 11/06/2024 | Ej.1 | 11/06/2024 | LIbro |